Statistics for Countries With At Least 5 1M Cities

Click here to take the quiz!

General Stats

  • This quiz has been taken 60 times
  • The average score is 23 of 25

Answer Stats

# of CitiesCountry% Correct
112China
100%
55India
100%
10United Kingdom
100%
54United States of America
100%
20Brazil
98%
6France
98%
10Germany
98%
14Indonesia
98%
12Mexico
98%
5Spain
98%
13Japan
97%
5Argentina
95%
5Australia
95%
7Iran
95%
5Canada
93%
6Colombia
93%
16Russia
93%
9Pakistan
91%
11Nigeria
90%
9Turkey
90%
7South Korea
86%
5Ukraine
83%
5Venezuela
78%
6Saudi Arabia
74%
6Morocco
59%

Score Distribution

Percentile by Number Answered

Percent of People with Each Score

Your Score History

You have not taken this quiz